LEADER 02868nam a2200613 i 4500
001 nkc20172867543
003 CZ PrNK
005 20190328235025.0
007 ta
008 170126s2016 xr a e 100 0 cze
015 |a cnb002867543 
020 |a 978-80-87661-22-2  |q (brožováno) 
035 |a (OCoLC)975042659 
040 |a ABA001  |b cze  |e rda 
041 1 |a cze  |h eng 
072 7 |a 339.7/.9  |x Světová ekonomika a mezinárodní finance  |2 Konspekt  |9 4 
080 |a 339.96:327  |2 MRF 
080 |a 502.131.1  |2 MRF 
080 |a 551.583  |2 MRF 
080 |a (082)  |2 MRF 
100 1 |a Tožička, Tomáš,  |d 1966-  |7 mzk2005309138  |4 aut  |4 edt 
245 1 0 |a Perspektivy rozvoje /  |c T. Tožička a kol. ; překlady Alena Štojdlová, Nela Chudová, Jarmila Ulrychová, Simona Kopová, Nela Chudová, Marta Martinová, Alena Votrubová 
264 1 |a Praha :  |b Ekumenická akademie,  |c 2016 
300 |a 171 stran :  |b barevné ilustrace ;  |c 23 cm 
336 |a text  |b txt  |2 rdacontent 
337 |a bez média  |b n  |2 rdamedia 
338 |a svazek  |b nc  |2 rdacarrier 
500 |a Částečně přeloženo z angličtiny? 
500 |a Překladatelka Nela Chudová uvedena chybně dvakrát 
500 |a "A tak se v roce 2015 konaly tři důležité konference na nejvyšší úrovni ... Byla to Třetí konference o financování rozvoje, která se konala v Addis Abebě, Summit udržitelného rozvoje v New Yorku a 21. klimatická konference v Paříži"--Strana 5 a 6 
504 |a Obsahuje bibliografie a bibliografické odkazy 
650 0 7 |a rozvojová politika  |7 ph553845  |2 czenas 
650 0 7 |a udržitelný rozvoj  |7 ph126768  |2 czenas 
650 0 7 |a klimatické změny  |7 ph134843  |2 czenas 
650 0 9 |a development policy  |2 eczenas 
650 0 9 |a sustainable development  |2 eczenas 
650 0 9 |a climate changes  |2 eczenas 
655 7 |a sborníky  |7 fd163935  |2 czenas 
655 9 |a papers of several authors  |2 eczenas 
700 1 |a Štojdlová, Alena  |4 trl 
700 1 |a Chudová, Nela  |4 trl 
700 1 |a Ulrychová, Jarmila  |4 trl 
700 1 |a Kopová, Simona  |4 trl 
700 1 |a Martinová, Marta  |4 trl 
700 1 |a Votrubová, Alena  |4 trl 
711 2 |a United Nations International Conference on Financing for Development  |d (2015 :  |c Addis Abeba, Etiopie)  |7 ko2017940381  |4 aut 
711 2 |a Světový summit o trvale udržitelném rozvoji  |d (2015 :  |c New York, New York)  |7 ko2017940386  |4 aut 
711 2 |a Conference of the Parties (United Nations Framework Convention on Climate Change)  |n (21. :  |d 2015 :  |c Paříž, Francie)  |7 ko2017940382  |4 aut 
856 4 1 |u http://www.digitalniknihovna.cz/mzk/uuid/uuid:97b1fd30-e0ef-11e8-bc37-005056827e51  |y Digitalizovaný dokument  |x NDK 
910 2 |a BOA001  |b 2-1378.870 
990 |a BK 
995 |a 01 
991 |b 201702  |c NOV 
996 6 |b 2610695639  |c 2-1378.870  |l MZK  |r Sklad / do 1 hodiny  |n 1  |p p.v.  |w 001597586  |u 000010  |a 1  |e BOA001  |j MZK50  |s P